Complete the City Names #2 - Statistics

General Stats
  • This quiz has been taken 45 times
  • The average score is 31 of 35
Answer Stats
Hint Explanation Answer % Correct
Jak Country: Indonesia arta
100%
New Country: USA Orleans
100%
Vanco Country: Canada uver
100%
Adel Country: Australia aide
98%
Mum Country: India bai
98%
Christ Country: New Zealand church
98%
Sacram Country: USA ento
98%
Kuala Country: Malaysia Lumpur
98%
Mosc Country: Russia ow
98%
Gla Country: UK sgow
98%
Borde Country: France aux
95%
Alexan Country: Egypt dria
95%
Ky Country: Ukraine iv
95%
Ber Country: Germany lin
95%
Ri Country: Saudi Arabia yadh
95%
Hous Country: USA ton
93%
Dh Country: Bangladesh aka
90%
Nair Country: Kenya obi
90%
Port Mo Country: Papua New Guinea resby
90%
Kin Country: DR Congo shasa
90%
Port Country: Mauritius Louis
88%
Khart Country: Sudan oum
88%
Guang Country: China zhou
88%
Sevi Country: Spain lle
85%
Ro Country: Italy me
85%
Je Country: Saudi Arabia ddah
80%
Ba Country: Azerbaijan ku
80%
Busa Country: South Korea n
80%
Antan Country: Madagascar arivo
76%
Denp Country: Indonesia asar
76%
Meri Country: Mexico da
76%
Benga Country: India luru
76%
Che Country: China ngdu
76%
Alm Country: Kazakhstan aty
73%
Cair Country: Australia ns
71%
No matching quizzes found
Score Distribution
Percent of People with Each Score
Percentile by Number Answered
Your Score History
You have not taken this quiz